000 00539nam a22001937a 4500
999 _c524935
_d524935
003 NUST
005 20190627084504.0
008 190627b ||||| |||| 00| 0 eng d
038 _aWaseem
082 _a891.423
_bMAL
100 _aMalik, Kahkshan
_915737
245 _aChikar Rangi Morti /
_cKahkshan Malik
260 _aLahore :
_bPakistan Punjabi Adbi Board,
_c1984.
300 _a152 p. ;
500 _aPaperback.
880 _6100-01\r
_aکہکشاں ملک
880 _6245-02\r
_aچکڑ رنگی مورتی /
942 _2ddc
_cBK